00729nam a2200181Ia 4500008004100000020001800041050002100059100002500080245009700105260005000202300002300252500005200275650006300327700003000390942001200420952009800432999001700530120626s9999 xx 000 0 und d a970-24-0744-304aHF5549 G656 20051 aGONZÁLEZ, Martín10aAdministración de recursos humanos: diversidad-caoscMartín González, Socorro Olivares aMéxicobCompañìa Editorial Continental. axii, 297 páginas aContiene: Agradecimientos Índice de contenido17aADMINISTRACIÓN DE PERSONAL - PROBLEMAS, EJERCICIOS, ETC.1 aOLIVARES, Socorro, coaut. 2ddccLB 00104070a07b07d2008-11-21l0oHF5549 G656 2005p07 000793r2012-06-26t1w2012-06-26yLB c66288d66288